000 00639nam a2200193 i 4500
001 160638
003 ES-MaACL
005 20230906212108.0
008 040930s1882 it |||| | ita d
040 _aCAM
_bspa
_cCAM
100 1 _aNiccolini, G.B.
_9130459
245 1 0 _aArnaldo da Brescia
_b: tragedia /
_cdi G.B. Niccolini.
260 _aMilano :
_bEdoardo Sonzogno, editore,
_c1882.
300 _a136 p. ;
_c18 cm.
490 1 _aBiblioteca universale
830 0 _aBiblioteca universale
_9187742
852 _aES-MaACL
_jT-600-F-8
_z-- Enc. hol., conservando la cub. original
_z-- Enc. en un vol. facticio
999 _c160638
_d160638